Predynastic Egypt /
Main Author:
Format: Book
Language: English
Published:
Princess Risborough :
Shire,
1988.
Series:
Shire Egyptology ;
7.
ShirEgypt ;
7.
Subjects:
Tags: Add Tag
Call Number: DT57 .S25 v.7
| LEADER | 00841namaa2200289 4500 | ||
|---|---|---|---|
| 001 | 13322 | ||
| 003 | OSt | ||
| 005 | 20260421151626.0 | ||
| 008 | 130303s1988 enka b 001 0 eng d | ||
| 020 | |a 9780852639382 | ||
| 020 | |a 0852639384 | ||
| 040 | |c ARCE Library | ||
| 050 | 4 | |a DT57 .S25 v.7 | |
| 100 | 1 | |a Adams, Barbara, |d 1945-2002, |e author | |
| 245 | 1 | 0 | |a Predynastic Egypt / |c Barbara Adams. |
| 264 | 1 | |a Princess Risborough : |b Shire, |c 1988. | |
| 300 | |a 76 pages : |b illustrations ; |c 21 cm. | ||
| 490 | 1 | |a Shire Egyptology ; |v 7. | |
| 490 | 1 | |a ShirEgypt ; |v 7. | |
| 504 | |a Includes bibliographical references and index. | ||
| 651 | 0 | |a Egypt |x Antiquities. | |
| 651 | 0 | |a Egypt |x Civilization |y To 332 B.C. | |
| 830 | 0 | |a Shire Egyptology ; |v 7. | |
| 830 | 0 | |a ShirEgypt ; |v 7. | |
| 901 | |a reviewed | ||
| 942 | |c BK |2 lcc | ||
| 999 | |c 13224 |d 13224 | ||
